00779nam a2200169 a 450000100100000000500170001000800410002704000250006808200190009311000420011224501040015426001230025830000210038150400730040295201170047599900170059200003890720201002031420.0090729s1995 dr 000 0 spa d aDO-SdBNPbspacBNPHU a342.029bR426c2 aCampillo Pérez, Julio Genaro96517310aConstitución política y reformas constitucionales 1492 - 1844 /cJulio Genaro Campillo Pérez. aSanto Domingo :bOficina de Administración y Personal (ONAP)bUniversidad Autónoma de Santo Domingo (ONAP),c1995. a418 p. ;c21 cm. aIncluye referencias bibliográficas y notas al pie de las páginas 0010718PDaPDbPDcCTd2013-05-02iLF1l0o342.029 R426cp38907-10r2020-06-25w2020-06-25yLFPDZNo se presta c38397d38397